000 01048nam a22002777a 4500
001 281
003 FISKH
005 20240627115323.0
008 230316b cb ||||| |||| 00| 0 eng d
020 _a9781786178787
040 _aFISKH
_beng
_cFISKH
_dFISKH
050 _aPZ7
082 _a823.010837
100 _aGallagher, Belinda
245 _aMonster stories :
_bClassic stories to treasure/
250 _aThis edition printed 2019
260 _aThaxted :
_bMiles Kelly,
_c2017
300 _a384 pages :
_c23 cm.
505 _aR
520 _aThis fiercely entertaining collection is packed with tales of dragons, ogres, giants, sea serpents and other weird and wonderful monsters from children's literature. Stories are divided into sections including Scales and Tails and Weird and Wonderful Beasts so that children can decide what type of monster they would like to discover next.
521 8 _a780
_bLexile adjusted
521 8 _aR
_bRaz-Plus
650 _amonsters
650 _amonster stories
942 _2ddc
_cBK
_n0
999 _c281
_d281